Obyčejné diferenciální rovnice v reálném oboru
Saved in:
| Main Author: | |
|---|---|
| Format: | Book |
| Language: | Czech |
| Published: |
Praha Karolinum
2004
|
| Edition: | 2. vyd. |
| Series: | Učební texty Univerzity Karlovy v Praze
|
| Subjects: | |
| Online Access: | View in OPAC |
| Tags: |
No Tags, Be the first to tag this record!
|
MARC
| LEADER | 00000nam a2200000 a 4500 | ||
|---|---|---|---|
| 005 | 20260127133949.0 | ||
| 008 | 120119s2004 xr frp 000 0 cze d | ||
| 020 | |a 8024609460 (brož.) | ||
| 035 | |a vtls010336122 | ||
| 039 | 9 | |a 201301091150 |b mschk03 |c 201201241449 |d msvkpo03 |y 201201191344 |z msvkpo26 | |
| 040 | |a SVKPO |b slo |c SVKPO |d STUSCHK1 |e AACR2 | ||
| 041 | 0 | |a cze | |
| 044 | |a xr |c CZ | ||
| 072 | 7 | |a 517 |x Matematická analýza |2 konspekt | |
| 080 | |a 517.9 |2 2001 | ||
| 080 | |a (075.8) |2 2001 | ||
| 100 | 1 | |a Kofroň, Josef, |d 1940- | |
| 245 | 1 | 0 | |a Obyčejné diferenciální rovnice v reálném oboru |c Josef Kofroň |
| 250 | |a 2. vyd. | ||
| 260 | |a Praha |a Karolinum |c 2004 | ||
| 300 | |a 285 s. |c 30 cm | ||
| 366 | |e 300 výt. | ||
| 490 | 1 | |a Učební texty Univerzity Karlovy v Praze | |
| 504 | |a Bibliografia s. 285 | ||
| 521 | 8 | |a Učebný text pre poslucháčov Matematicko-fyzikální fakulty UK | |
| 550 | |a Vydavateľ: Katedra numerické matematiky Matematicko-fyzikální fakulty UK | ||
| 650 | 0 | 7 | |a diferenciálne rovnice |2 hŠVKBB |
| 655 | 7 | |a učebnice vysokých škôl |2 hŠVKBB | |
| 710 | 2 | |a Univerzita Karlova (Praha, Česko). |b Fakulta matematicko-fyzikální |4 pbl | |
| 830 | 0 | |a Učební texty Univerzity Karlovy v Praze | |
| 910 | |a SCHK95 | ||
| 919 | |a 80-246-0946-0 | ||
| 999 | |c 1036 |d 1036 | ||